000 00629nam a2200241Ia 4500
003 OSt
005 20221005075652.0
006 a|||||r|||| 00| 0
007 ta
008 221004b |||||||| |||| 00| 0 hin d
024 _a64354
037 _cTextual
040 _aCRL
_cCRL
_bhin
041 _2hin
_ahin
082 _aO152,1:g, L6
100 _aVijeyendra
_9609841
245 0 _aKavya parijat
260 _aNew Delhi
_bNational Publishing House India
_c1976
300 _a168p.
_ccm.
650 _aHINDI LITERATURE
_923866
942 _hO152,1:g, L6
_cTEXL
_2cc
999 _c984948
_d984948